000 01814nam0a22003251 4500
001 rc\2261301
005 20250623100828.0
035 _a(NLR Aleph) 006714927
090 _a5382250
_c5382250
100 _a20110829d1978 |||y0rusy50 ca
101 0 _arus
102 _aRU
105 _aa z |||||
200 1 _aОхрана труда и противопожарная защита на строительстве и эксплуатации автомобильных дорог
_e[Учеб. пособие для автомоб.-дор. техникумов]
_fП.В. Мыльников, В.П. Егозов, А.С. Турок
205 _a3-е изд., перераб. и доп.
210 _aМосква
_cТранспорт
_d1978
215 _a207 с.
_cил.
_d22
300 _aЗагл. 2-го изд.: Техника безопасности и противопожарная техника на дорожном строительстве
451 0 _12001#$aТехника безопасности и противопожарная техника на дорожном строительстве
_1205##$a2-е изд.
_tТехника безопасности и противопожарная техника на дорожном строительстве
606 _aДорожное строительство
_jУчебники и пособия
_xОхрана труда
_2psbo
700 1 _aМыльников
_bП.В.
_gПетр Владимирович
701 1 _aТурок
_bА.С.
_gАнатолий Семенович
701 1 _aЕгозов
_bВ.П.
_gВладимир Петрович
801 0 _aRU
_bNLR
_gpsbo
801 1 _aRU
_bELAR
_2rusmarc
852 _aNLR
_j77-5/8751
899 _aRuMoRGB
_jБ 77-32/711
899 _aRuMoRGB
_jБ 77-32/712
942 _cBOOK
980 _aNB